Famous animals Quiz Stats

 Plays Quiz not verified by Sporcle

Challenge
Share
Tweet
Embed
Score 0/22 Timer 10:00
0 Plays Today
Animal Name % Correct
RabbitBugs Bunny
91%
DuckDaffy
83.9%
Cat and mouseTom and Jerry
82.6%
MouseMickey Mouse
82.1%
BearYogi bear
64.4%
GorillaDonkey kong
58.6%
Squirrel and mooseRocky and Bullwinkle
57.4%
ElephantHorton
57.3%
MonkeyGeorge
53.5%
RabbitRoger rabbit
48.3%
BearWinnie the pooh
45.1%
Animal Name % Correct
DinosaurRex
35.2%
CatTop cat
33.5%
DogScooby doo
33.5%
RabbitPeter rabbit
28.5%
BearPaddington bear
22.9%
CaterpillarThe hungry caterpillar
18%
MouseDanger mouse
17.2%
Bear and birdBanjo and Kazooie
12.4%
BatBatfink
11.1%
SquirrelConker
10.1%
DinosaurYoshi
8.5%

You're not logged in!

Compare scores with friends on all Sporcle quizzes.
Join for Free
OR
Log In

You Might Also Like...

Show Comments

Extras

Top Quizzes Today


Score Distribution

Your Account Isn't Verified!

In order to create a playlist on Sporcle, you need to verify the email address you used during registration. Go to your Sporcle Settings to finish the process.

Report this User

Report this user for behavior that violates our Community Guidelines.

Details: